POESIA REUNIDA | MUNDO PARA JULIUS UN | VIDA EXAGERADA DE MARTIN ROMAÑA LA | MUERTE DE DANTON LA Y WOYZECK (Record no. 29008)
[ view plain ]
| 000 -CABECERA | |
|---|---|
| campo de control de longitud fija | 01370nam a2200553Ia 4500 |
| 001 - NÚMERO DE CONTROL | |
| campo de control | 27596 |
| 005 - FECHA Y HORA DE LA ÚLTIMA TRANSACCIÓN | |
| campo de control | 20260407082559.0 |
| 008 - CÓDIGOS DE INFORMACIÓN DE LONGITUD FIJA | |
| campo de control de longitud fija | 260115s9999 xx 000 0 und d |
| 010 ## - NÚMERO DE CONTROL DE LA BIBLIOTECA DEL CONGRESO | |
| Número de control de LC | 29008 |
| 035 ## - NÚMERO DE CONTROL DEL SISTEMA | |
| Número de control de sistema | 17515 |
| 090 ## - LOCALMENTE ASIGNADO TIPO-LC NÚMERO DE CLASIFICACIÓN (OCLC); NÚMERO DE CLASIFICACIÓN LOCAL (RLIN) | |
| Número de clasificación (OCLC) (R) ; Numero de clasificación CALL (RLIN) (NR) | 82-1 |
| 001 - NÚMERO DE CONTROL | |
| campo de control | 27607 |
| 008 - CÓDIGOS DE INFORMACIÓN DE LONGITUD FIJA | |
| campo de control de longitud fija | 260115s9999 xx 000 0 und d |
| 035 ## - NÚMERO DE CONTROL DEL SISTEMA | |
| Número de control de sistema | 17381 |
| 090 ## - LOCALMENTE ASIGNADO TIPO-LC NÚMERO DE CLASIFICACIÓN (OCLC); NÚMERO DE CLASIFICACIÓN LOCAL (RLIN) | |
| Número de clasificación (OCLC) (R) ; Numero de clasificación CALL (RLIN) (NR) | 82-31 |
| 001 - NÚMERO DE CONTROL | |
| campo de control | 27618 |
| 008 - CÓDIGOS DE INFORMACIÓN DE LONGITUD FIJA | |
| campo de control de longitud fija | 260115s9999 xx 000 0 und d |
| 035 ## - NÚMERO DE CONTROL DEL SISTEMA | |
| Número de control de sistema | 17498 |
| 090 ## - LOCALMENTE ASIGNADO TIPO-LC NÚMERO DE CLASIFICACIÓN (OCLC); NÚMERO DE CLASIFICACIÓN LOCAL (RLIN) | |
| Número de clasificación (OCLC) (R) ; Numero de clasificación CALL (RLIN) (NR) | 82-312.6 |
| 001 - NÚMERO DE CONTROL | |
| campo de control | 26813 |
| 008 - CÓDIGOS DE INFORMACIÓN DE LONGITUD FIJA | |
| campo de control de longitud fija | 260115s9999 xx 000 0 und d |
| 035 ## - NÚMERO DE CONTROL DEL SISTEMA | |
| Número de control de sistema | 16886 |
| 090 ## - LOCALMENTE ASIGNADO TIPO-LC NÚMERO DE CLASIFICACIÓN (OCLC); NÚMERO DE CLASIFICACIÓN LOCAL (RLIN) | |
| Número de clasificación (OCLC) (R) ; Numero de clasificación CALL (RLIN) (NR) | 821.112.2:82-24 |
| 100 ## - PUNTO DE ACCESO PRINCIPAL - NOMBRE DE PERSONA | |
| Nombre de persona | BRULL LUIS |
| 100 ## - PUNTO DE ACCESO PRINCIPAL - NOMBRE DE PERSONA | |
| Nombre de persona | BRYCE ECHENIQUE ALFREDO |
| 100 ## - PUNTO DE ACCESO PRINCIPAL - NOMBRE DE PERSONA | |
| Nombre de persona | BRYCE ECHENIQUE ALFREDO |
| 100 ## - PUNTO DE ACCESO PRINCIPAL - NOMBRE DE PERSONA | |
| Nombre de persona | BUCHNER GEORG |
| 245 #0 - MENCIÓN DE TÍTULO | |
| Título | POESIA REUNIDA |
| 260 ## - PUBLICACIÓN, DISTRIBUCIÓN, ETC. (PIE DE IMPRENTA) | |
| Nombre del editor distribuidor etc. | CATEDRA |
| Fecha de publicación distribución etc. | 2000 |
| 245 #0 - MENCIÓN DE TÍTULO | |
| Título | MUNDO PARA JULIUS UN |
| 260 ## - PUBLICACIÓN, DISTRIBUCIÓN, ETC. (PIE DE IMPRENTA) | |
| Nombre del editor distribuidor etc. | CATEDRA |
| Fecha de publicación distribución etc. | 2000 |
| 245 #0 - MENCIÓN DE TÍTULO | |
| Título | VIDA EXAGERADA DE MARTIN ROMAÑA LA |
| 260 ## - PUBLICACIÓN, DISTRIBUCIÓN, ETC. (PIE DE IMPRENTA) | |
| Nombre del editor distribuidor etc. | CATEDRA |
| Fecha de publicación distribución etc. | 2000 |
| 245 #0 - MENCIÓN DE TÍTULO | |
| Título | MUERTE DE DANTON LA Y WOYZECK |
| 260 ## - PUBLICACIÓN, DISTRIBUCIÓN, ETC. (PIE DE IMPRENTA) | |
| Nombre del editor distribuidor etc. | CATEDRA |
| Fecha de publicación distribución etc. | 1993 |
| 300 ## - DESCRIPCIÓN FÍSICA | |
| Dimensiones | 18 CM |
| 300 ## - DESCRIPCIÓN FÍSICA | |
| Dimensiones | 18 CM |
| 300 ## - DESCRIPCIÓN FÍSICA | |
| Dimensiones | 18 CM |
| 300 ## - DESCRIPCIÓN FÍSICA | |
| Dimensiones | 18 CM |
| 630 ## - PUNTO DE ACCESO ADICIONAL DE MATERIA--TÍTULO UNIFORME | |
| Título uniforme | LITERATURA HISPANOAMERICANA |
| 650 ## - PUNTO DE ACCESO ADICIONAL DE MATERIA--TÉRMINO DE MATERIA | |
| Término de materia o nombre geográfico como elemento inicial | POESIA |
| 630 ## - PUNTO DE ACCESO ADICIONAL DE MATERIA--TÍTULO UNIFORME | |
| Título uniforme | LITERATURA |
| 650 ## - PUNTO DE ACCESO ADICIONAL DE MATERIA--TÉRMINO DE MATERIA | |
| Término de materia o nombre geográfico como elemento inicial | NOVELA |
| 630 ## - PUNTO DE ACCESO ADICIONAL DE MATERIA--TÍTULO UNIFORME | |
| Título uniforme | LITERATURA ESPAÑOLA |
| 650 ## - PUNTO DE ACCESO ADICIONAL DE MATERIA--TÉRMINO DE MATERIA | |
| Término de materia o nombre geográfico como elemento inicial | BIOGRAFIAS NOVELADAS |
| 630 ## - PUNTO DE ACCESO ADICIONAL DE MATERIA--TÍTULO UNIFORME | |
| Título uniforme | LITERATURA ALEMANA |
| 650 ## - PUNTO DE ACCESO ADICIONAL DE MATERIA--TÉRMINO DE MATERIA | |
| Término de materia o nombre geográfico como elemento inicial | TEATRO HISTORICO |
| 942 ## - ELEMENTOS DE PUNTO DE ACCESO ADICIONAL (KOHA) | |
| Tipo de ítem Koha | Monografías |
| Estado de retiro | Estado de pérdida | Estado dañado | No para préstamo | Código de colección | Localización permanente | Ubicación/localización actual | Fecha de adquisición | Total de préstamos | Signatura topográfica completa | Código de barras | Fecha visto por última vez | Número de copia | Precio válido a partir de | Tipo de ítem Koha | Nota pública |
|---|---|---|---|---|---|---|---|---|---|---|---|---|---|---|---|
| Servicio de Estudios Históricos | Servicio de Estudios Históricos | 19/11/2002 | 82-1 | 23765 | 05/02/2026 | 1 | 05/02/2026 | Monografías | 18 CMT, 320 PG, 8,41€ MADRID LETRAS HISPANICAS Nº504 | ||||||
| Servicio de Estudios Históricos | Servicio de Estudios Históricos | 22/11/2002 | 82-31 | 23632 | 05/02/2026 | 1 | 05/02/2026 | Monografías | 18 CM, 640 PG, 10,22€ MADRID LETRAS HISPANICAS Nº369 | ||||||
| Servicio de Estudios Históricos | Servicio de Estudios Históricos | 21/11/2002 | 82-312.6 | 23748 | 05/02/2026 | 1 | 05/02/2026 | Monografías | 18 CM, 648 PG, 12,02€ MADRID LETRAS HISPANICAS Nº486 | ||||||
| Servicio de Estudios Históricos | Servicio de Estudios Históricos | 13/02/2002 | 821.112.2:82-24 | 23132 | 05/02/2026 | 1 | 05/02/2026 | Monografías | 18, 224, 7,51 MADRID Nº192 |
